Biblioteca

La colaboración de la comunidad, por el consentimiento y la elección, según el Nuevo Testamento (Registro nro. 69778)

Detalles MARC
000 -LÍDER
Campo fijo de descripción fija 01973nab a2200229 i 4500
001 - NÚMERO DE CONTROL
Campo de control 768714001
003 - IDENTIFICADOR DEL NÚMERO DE CONTROL
Campo de control CO-MdFUSB
005 - FECHA Y HORA DE LA ULTIMA TRANSACCIÓN
control field 20240520081106.0
008 - ELEMENTOS DE LONGITUD FIJA -- INFORMACIÓN GENERAL
Campo fijo de descripción fija -- Información general 240520t1972 sp ||||| |||| 00| 0 spa d
040 ## - FUENTE DE CATALOGACIÓN
Idioma de catalogación spa
Agencia que realiza la transcripción CO-MdFUSB
Agencia que realiza la modificación CO-MdFUSB
041 ## - CÓDIGO DE IDIOMA
Código de idioma para texto/pista de sonido o título separado spa
100 ## - ASIENTO PRINCIPAL--NOMBRE PERSONAL
Nombre personal Schnackenburg, Rudolf,
Término relacionador autor
245 #3 - TÍTULO
Título La colaboración de la comunidad, por el consentimiento y la elección, según el Nuevo Testamento
Mención de responsabilidad / Rudolf Schnackenburg ; traducido por M. Gesteira
520 ## - NOTA DE RESUMEN, ETC.
Nota de sumario, etc. Al pretender buscar en el Nuevo Testamento una orientación sobre el urgente problema de cómo los laicos, en cuanto sector fundamental del pueblo de Dios, han de participar en las decisiones y en la responsabilidad general de la Iglesia, es preciso comenzar señalando las características especiales que definen el período fundacional de la Iglesia. Los apóstoles, heraldos del evangelio, que habían recibido directamente su autoridad del Señor resucitado y que, a través de su predicación, fueron los primeros fundadores de las comunidades, ocuparon una posición excepcional en las iglesias debido a su vocación. Sin embargo, a causa de su actividad misionera, no se establecieron de forma sedentaria en una determinada comunidad local, de manera que pudiesen ejercitar en ella funciones de gobierno semejantes a las que ejercieron posteriormente los jefes de las iglesias locales. La mayor parte de las veces, las jóvenes comunidades misioneras tuvieron que configurar por sí mismas su existencia, creándose para ello sus propias estructuras.
630 07 - PUNTO DE ACCESO ADICIONAL DE MATERIA - TÍTULO UNIFORME
Título uniforme Biblia.
Parte o sección de la obra Nuevo Testamento
650 #0 - ASIENTO SECUNDARIO DE MATERIA - TERMINO TEMÁTICO
Término temático o nombre geográfico como elemento de entrada Historia de la Iglesia
9 (RLIN) 153
650 #7 - ASIENTO SECUNDARIO DE MATERIA - TERMINO TEMÁTICO
Término temático o nombre geográfico como elemento de entrada Historia
Subdivisión general Aspectos religiosos
-- Cristianismo
9 (RLIN) 7036
700 ## - ENTR. SECUNDARIA - Nombre Personal (R)
Nombre de persona Gesteira, M.,
773 0# - ASIENTO DE ITEM FUENTE
Biblionumber 49450
Itemnumber 82645
Otro identificador del ítem R2567
Título Revista internacional de teología Concilium
Número de control del registro (CO-MdFUSB)8
Número Internacional Normalizado para Publicaciones Seriadas (ISSN) 0210-1041
Parte(s) relacionada(s) / Volumen., número. (mes año), páginas Número 77, (julio - agosto, 1972), páginas: 18 - 30
Enumeración y primera página página: 18
942 ## - TIPO DE MATERIAL (KOHA)
Tipo de Item KOHA Artículos de Revista
945 ## - INFORMACIÓN LOCAL DEL REGISTRO
Catalogador Catherine Arias Alvarez - Practicante SENA

No hay ítems disponibles.

Biblioteca FUSBC | Teléfono: (57+4) 349 88 10 Ext. 141| WhatsApp (+57) 3005338115 
E-mail: biblioteca@unisbc.edu.co | Calle 76 87-14 Robledo Palenque, Medellín, Colombia

Con tecnología Koha